Guess the games - Statistics

General Stats
  • This quiz has been taken 17 times
  • The average score is 3 of 15
Answer Stats
Game Owned Games % Correct
Some Microsoft mode is on Minecraft
91%
My favorite game Roblox
55%
Question Jetpunk
18%
Block of game Lego
18%
Best games Among us
9%
Disney games Club penguin
9%
🇦🇪🇦🇫🇦🇬🇦🇮 Flags quiz
9%
Disney juinor games Handy Manny school for tools
9%
Editor of letter K Kinemaster
9%
South America Map quiz
9%
Google website Play games
9%
Store Play store
9%
Symbol app of camera Powerdiretor
9%
More games XO
9%
Part of Google Google play services
0%
No matching quizzes found
Score Distribution
Percent of People with Each Score
Percentile by Number Answered
Your Score History
You have not taken this quiz